000 00561nam a2200193 a 4500
001 1046
005 20140414131918.0
008 041014s19uu xx 00 eng d
020 _a1-57151-545-3
050 _aER
_bM99 1999
100 _aMcCafferty, Catherine
245 _aMy Grandma /
_cwritten by Catherine McCafferty ; illustrated by Wendy Rasmussen.
260 _aOhio, USA :
_bPicture Books,
_c1999.
300 _a1 v. p. : ill. ; cm.
440 _aPicture me with
650 _aGrandma
_xFiction.
650 _aChildren stories.
999 _c111618
_d111618